000 nam a22 7a 4500
999 _c10894
_d10894
008 180308b ||||| |||| 00| 0 eng d
100 _aBhushan,B.
_96707
245 _aLab Chemistry-XII
260 _aNew Delhi
_bArya
_c2012